Landen met een letter - D - Statistieken

Algemene statistieken
  • Deze quiz is 196 keer genomen
  • De gemiddelde score is 42 van 56
Antwoordstatistieken
Categorie Land % Correct
2 x D Duitsland
95%
2 x D Nederland
95%
1 x D Denemarken
90%
1 x D Dominica
90%
1 x D Zweden
90%
1 x D Djibouti
88%
1 x D Dominicaanse Republiek
88%
1 x D Estland
88%
1 x D IJsland
88%
1 x D Rusland
85%
1 x D Verenigde Staten
85%
1 x D Verenigd Koninkrijk
85%
1 x D Canada
83%
1 x D Finland
83%
1 x D Ierland
83%
1 x D Indonesië
83%
1 x D Letland
83%
1 x D Thailand
83%
1 x D Verenigde Arabische Emiraten
83%
1 x D Zwitserland
83%
1 x D Azerbeidzjan
80%
1 x D Democratische Republiek Congo
80%
1 x D Nieuw-Zeeland
80%
1 x D Noord-Korea
80%
2 x D Noord-Macedonië
80%
1 x D Andorra
78%
1 x D India
78%
1 x D Zuid-Afrika
78%
1 x D Zuid-Korea
78%
2 x D Zuid-Soedan
75%
1 x D Bangladesh
73%
1 x D Griekenland
73%
1 x D Madagaskar
73%
1 x D Moldavië
73%
1 x D Honduras
70%
1 x D Jordanië
70%
1 x D Soedan
70%
1 x D Tadzjikistan
70%
1 x D Barbados
68%
1 x D Cambodja
65%
1 x D Marshalleilanden
65%
2 x D Saint Vincent en de Grenadines
65%
1 x D Ecuador
63%
1 x D El Salvador
63%
1 x D Grenada
63%
1 x D Kaapverdië
63%
1 x D Salomonseilanden
63%
1 x D Saoedi-Arabië
63%
1 x D Antigua en Barbuda
60%
1 x D Maldiven
60%
2 x D Trinidad en Tobago
60%
1 x D Tsjaad
60%
1 x D Rwanda
58%
1 x D Vaticaanstad
55%
1 x D Burundi
53%
1 x D Oeganda
53%
Geen overeenkomende quizzen gevonden
Scoreverdeling
Procent van Mensen met Elke Score
Percentiel versus Aantal Correcte Antwoorden
Uw Scoregeschiedenis
U heeft deze quiz nog niet genomen